000 00661nam a2200229Ia 4500
001 3116
003 GE_BSU
008 181216s||||||||xx |||||||||||||| ||und||
040 _cGE_BSU
080 _a517(075.8)
100 _aНикольский,С.М.
245 _aКурс математического анализа. Том II.
245 _bУчебник.
245 _cРед. М.М.Горячая.
250 _a3-ое изд., перераб. и дополн.
260 _aМ.
260 _bНаука.
260 _c1983.
300 _a448 стр. 22см.
653 _aКурс математического анализа.
942 _cBK
999 _c37160
_d37160